Statistical mechanics: principles and selected applications
Збережено в:
| Автор: | |
|---|---|
| Формат: | Книга |
| Мова: | Англійська |
| Опубліковано: |
Nueva York
McGraw-Hill
1956
|
| Предмети: | |
| Теги: |
Додати тег
Немає тегів, Будьте першим, хто поставить тег для цього запису!
|
MARC
| LEADER | 00000nam a2200000 a 4500 | ||
|---|---|---|---|
| 001 | UCU3815 | ||
| 003 | CL-VaPUC | ||
| 008 | 960510e19560000US |||||||||||||||||eng|d | ||
| 082 | 0 | 4 | |a 530.13 |b HIL |2 21 |
| 100 | |a Hill, Terrell L |e author |9 548705 | ||
| 245 | 1 | 0 | |a Statistical mechanics: principles and selected applications |
| 300 | |a 432 p | ||
| 942 | |c BK | ||
| 945 | |d 19960510 00:00:00 |a lriquelm | ||
| 260 | |a Nueva York |b McGraw-Hill |c 1956 | ||
| 650 | 0 | |a Mecánica |9 260096 | |
| 650 | 0 | |a Estática |9 260452 | |
| 650 | 0 | |a Termodinámica |9 259320 | |
| 650 | 0 | |a Teoría cuántica |9 266148 | |
| 650 | 0 | |a Gases |9 260945 | |
| 650 | 0 | |a Estados de la Materia |9 347141 | |
| 583 | |a last modification |c 19960510 00:00:00 |k Rodrigo Vera | ||
| 999 | |c 247694 |d 247692 | ||
| 952 | |0 0 |1 0 |4 0 |6 530_130000000000000_HIL_1956 |7 0 |8 A |9 263786 |a BIBING |b BIBING |d 2019-11-19 |i 1653326 |o 530.13 HIL 1956 |p 1653326 |r 2025-01-20 |w 2019-11-19 |y BK |k EIQ | ||